| 000 | 01688nam0a2200313 i 4500 | ||
|---|---|---|---|
| 001 | RU\NLR\BIBL_A\011562264 | ||
| 005 | 20260405053151.0 | ||
| 010 |
_a9785703847596 _9100 |
||
| 021 |
_aRU _b2017-91697 _96561 |
||
| 035 | _a(RuMoRGB)009470927 | ||
| 035 | _a(NLR Aleph) 011562264 | ||
| 090 |
_a12281601 _c12281601 |
||
| 100 | _a20171220d2017 um y0rusy50 ca | ||
| 101 | 0 | _arus | |
| 102 | _aRU | ||
| 105 | _aa|||j|||000zy | ||
| 200 | 1 |
_aАксонометрические проекции _eучебное пособие _e[для студентов 1-го курса МГТУ им. Н.Э. Баумана] _fГ. С. Иванов, М. А. Морозова _g[МГТУ им. Н.Э. Баумана, Фак. "Робототехника и комплексная автоматизация", Каф. "Инженерная графика"] |
|
| 210 |
_aМосква _cИзд-во МГТУ им. Н.Э. Баумана _d2017 |
||
| 215 |
_a32, [1] с. _cил. _d21 |
||
| 320 | _aБиблиогр.: с. 28 | ||
| 606 | 1 |
_aАксонометрические проекции _jУчебные издания для высших учебных заведений _xПостроение _9925431 _3RU\NLR\AUTH\6621205 |
|
| 686 |
_aВ181.191.1я73-1 _2rubbk |
||
| 686 | 1 | _aВ181.191.1я73-1 | |
| 700 | 1 |
_7ca _8rus _aИванов _bГ. С. _cд-р техн. наук, начертат. геометрия _f1940- _gГеннадий Сергеевич _9153 _3RU\NLR\AUTH\7717061 |
|
| 701 | 1 |
_7ca _8rus _aМорозова _bМ. А. _cматематик _gМарина Алексеевна _9183650 _3RU\NLR\AUTH\770183701 |
|
| 942 | _cBOOK | ||
| 980 | _aNBR | ||